| 000 | 02331nam a2200541Ii 4500 | ||
|---|---|---|---|
| 001 | DIGSIRLA0305 | ||
| 003 | NyNyDIG | ||
| 008 | 160408t20122012sp o 000 f spa d | ||
| 006 | m o d | ||
| 007 | cr ||||||||||| | ||
| 035 | _a(OCoLC)946292452 | ||
| 040 |
_aDGITA _beng _erda _epn _cDGITA |
||
| 020 |
_a9788498419931 _q(eBook ; _qePub) |
||
| 020 |
_a849841993X _q(eBook ; _qePub) |
||
| 020 |
_a9788498419948 _q(eBook ; _qKindle) |
||
| 020 |
_a8498419948 _q(eBook ; _qKindle) |
||
| 020 | _z9788498413779 | ||
| 020 | _z849841377X | ||
| 041 | 1 |
_aspa _hheb |
|
| 043 | _aa-is--- | ||
| 050 | 1 | 4 | _aPJ5054.O9 eBook |
| 082 | 0 | 4 |
_a892.436 _223 |
| 100 | 1 |
_aOz, Amos, _eauthor. |
|
| 240 | 1 | 0 |
_6880-01 _aTemunot me-ḥaye ha-kefar. _lSpanish |
| 245 | 1 | 0 |
_aEscenas de la vida rural / _cAmos Oz ; traducción del hebreo de Raquel García Lozano. |
| 250 | _aEdición en formato digital. | ||
| 264 | 1 |
_aMadrid : _bSiruela, _c2012. |
|
| 264 | 4 | _c©2012 | |
| 300 | _a1 online resource. | ||
| 336 |
_atext _btxt _2rdacontent |
||
| 337 |
_acomputer _bc _2rdamedia |
||
| 338 |
_aonline resource _bcr _2rdacarrier |
||
| 490 | 1 |
_aNuevos tiempos ; _v169 |
|
| 520 | _aStrange things are happening in Tel Ilan, a century-old pioneer village. A disgruntled retired politician complains to his daughter that he hears the sound of digging at night. Could it be their tenant, that young Arab? But then the young Arab hears the diggings sounds, too. And where has the mayor's wife gone, vanished without trace, her note saying "Don't worry about me"? | ||
| 588 | 0 | _aOnline resource; title from ePub title page (Digitalia, viewed April 15, 2016) | |
| 650 | 0 |
_aVillages _zIsrael _vFiction. |
|
| 655 | 0 | _aElectronic books. | |
| 700 | 1 |
_aGarcía Lozano, Raquel, _etranslator. |
|
| 791 | 2 |
_aDigitalia (Firm), _edistributor. |
|
| 793 | 0 |
_gDigitalia eBook Collection: _aSiruela |
|
| 776 | 0 | 8 |
_iPrint version: _aOz, Amos, _sTemunot me-ḥaye ha-kefar. Spanish. _tEscenas de la vida rural. _dMadrid : Ediciones Siruela, 2010 _z9788498413779 _w(OCoLC)567181793 |
| 830 | 0 |
_aNuevos tiempos (Madrid, Spain) ; _v169. |
|
| 856 | 4 | 0 |
_3Digitalia Hispánica _uhttps://www.digitaliapublishing.com/a/31981/ |
| 880 | 1 | 0 |
_6240-01/(2/r _aתמונות מחיי הכפר. _lSpanish |
| 066 | _c(2 | ||
| 910 | _aPremium Collection: 2016 | ||
| 942 | _cRAA | ||
| 999 |
_c241099 _d241099 |
||